Szczegóły MARC21

Bibliografi@ : historia, teoria, praktyka : praca zbiorowa /

003 -Nazwa inst., której nr kontr. jest w polu 001 [,]
    • @
    • Nazwa instytucji, której n kontrolny jest w polu 001
    • NUKAT
005 -DATA I CZAS OSTATNIEJ MODYFIKACJI [,]
    • @
    • pole kontrolne
    • 20241231111220.0
020 -Międzynarod. znormalizowany nr książki - ISBN [ , ]
    • a
    • Numer ISBN
    • 9788364203756 Find
040 -Instytucja sporządzająca opis [ , ]
    • a
    • Instytucja, która sporządziła opis (NP)
    • WA 510/IM
    • c
    • Instytucja, która sporządziła rekord (NP)
    • WA 510/IM
    • d
    • Instytucja, która zmodyfikowała rekord (P)
    • WA 510/ADD
    • d
    • Instytucja, która zmodyfikowała rekord (P)
    • WR U/MBs
    • d
    • Instytucja, która zmodyfikowała rekord (P)
    • KR 048/PK
    • d
    • Instytucja, która zmodyfikowała rekord (P)
    • WA M/ES
    • d
    • Instytucja, która zmodyfikowała rekord (P)
    • POZN U/JŁs
942 -Rodzaj dokumentu [ , ]
    • c
    • Rodzaj dokumentu
    • Książka
245 -Strefa tytułu i oznaczenia odpowiedzialności [0,0]
    • a
    • Tytuł
    • Bibliografi@ : Find
    • b
    • Ciąg dalszy tytułu (NP)
    • historia, teoria, praktyka : praca zbiorowa / Find
    • c
    • Pozostałe elementy strefy tytułu i oznaczenia odpowiedzialności (NP)
    • pod redakcją Jerzego Franke i Jadwigi Woźniak-Kasperek ; Stowarzyszenie Bibliotekarzy Polskich.
246 -Wariant tytułu [1,5]
    • a
    • Tytuł (NP)
    • Bibliogr@phy
246 -Wariant tytułu [3, ]
    • a
    • Tytuł (NP)
    • Bibliografia :
    • b
    • Ciąg dalszy tytułu (NP)
    • historia, teoria, praktyka : praca zbiorowa
260 -Strefa adresu wydawniczego [ , ]
    • a
    • Miejsce wydania (P)
    • Warszawa :
    • b
    • Nazwa wydawcy (P)
    • Wydawnictwo SBP,
    • c
    • Data wydania (P)
    • 2016.
300 -Strefa opisu fizycznego [ , ]
    • a
    • Określenie formy książki i/lub objętość (NP)
    • 299 s. :
    • b
    • Oznaczenie ilustracji (NP)
    • il. ;
    • c
    • Format (NP)
    • 25 cm.
336 -Typ zawartości [ , ]
    • a
    • Termin opisujący typ zawartości
    • Tekst
    • b
    • Kod określający zawartość
    • txt
    • 2
    • Źródło (terminu i kodu)
    • rdacontent
337 -Typ mediów [ , ]
    • a
    • Tryb odtwarzania
    • Bez urządzenia pośredniczącego
    • b
    • Kod typu mediów
    • n
    • 2
    • Źródło (terminu i kodu)
    • rdamedia
338 -Typ/rodzaj nośnika [ , ]
    • a
    • Hasło opisujące typ nośnika
    • Wolumin
    • b
    • Kod typu nośnika
    • nc
    • 2
    • Źródło (terminu i kodu)
    • rdacarrier
490 -Strefa serii i książki wielotomowej - forma nie do wyszukiwania [1, ]
    • a
    • Tytuł (P)
    • Nauka, Dydaktyka, Praktyka = Find
    • a
    • Tytuł (P)
    • Science, Didactics, Practice ; Find
    • v
    • Numeracja (P)
    • 172
830 -Hasło dodatkowe serii i opisu książki wielotomowej - tytuł ujednolicony/tytuł [ ,0]
    • a
    • Tytuł ujednolicony/tytuł (NP)
    • Nauka, Dydaktyka, Praktyka
    • v
    • Oznaczenie tomu (NP)
    • 172
    • 9
    • KHW
    • 7614
080 -Uniwersalna Klasyfikacja Dziesiętna [ , ]
    • 2
    • Identyfikator wydania tablic
    • UDC-P058
    • 9
    • UKD
    • 2248
    • a
    • Symbol klasyfikacji
    • 01-027.21
    • b
    • Dopowiedzenie
    • Teoria i metodyka bibliografii.
650 -Hasło przedmiotowe [ ,7]
    • a
    • Hasło przedmiotowe
    • Bibliografia.
    • 2
    • Źródło terminu
    • kaba
    • 9
    • KHW
    • 103024
650 -Hasło przedmiotowe [ ,7]
    • a
    • Hasło przedmiotowe
    • Bibliografia
    • x
    • Określnik rzeczowy
    • historia.
    • 2
    • Źródło terminu
    • kaba
    • 9
    • KHW
    • 408999
980 -Symbol UKD [ , ]
    • a
    • UKD
    • 01-027.21
700 -Hasło dodatkowe - nazwa osobowa [1, ]
    • a
    • Nazwa osobowa (NP)
    • Franke, Jerzy Find
    • d
    • Daty biograficzne (NP)
    • (1953- ).
    • e
    • Określenie rodzaju współpracy
    • Red.
    • 9
    • KHW
    • 63924
700 -Hasło dodatkowe - nazwa osobowa [1, ]
    • a
    • Nazwa osobowa (NP)
    • Woźniak-Kasperek, Jadwiga. Find
    • e
    • Określenie rodzaju współpracy
    • Red.
    • 9
    • KHW
    • 15728
710 -Hasło dodatkowe - nazwa ciała zbiorowego [2, ]
    • a
    • Nazwa ciała zbiorowego lub nazwa geograficzna jako pierwszy element (NP)
    • Stowarzyszenie Bibliotekarzy Polskich.
    • 9
    • KHW
    • 8334
710 -Hasło dodatkowe - nazwa ciała zbiorowego [2, ]
    • a
    • Nazwa ciała zbiorowego lub nazwa geograficzna jako pierwszy element (NP)
    • Stowarzyszenie Bibliotekarzy Polskich.
    • b
    • Nazwa jednostki podrzędnej (P)
    • Wydawnictwo.
    • 4
    • Kod relacji
    • pbl
    • 9
    • KHW
    • 52190
856 -Dostęp do wersji elektronicznej [4,1]
    • 3
    • Wyszczególnienie materiału
    • Spis treści
920 -ISBN [ , ]
    • a
    • ISBN
    • 978-83-64203-75-6 Find
Lokalizacja Data inwentaryzacji Numer inwentarzowy Status udost.
BE2016-09-30E.76608-2
BG2016-09-30Inf.6681
BM2016-09-30P.254581